Dried Flowers : an inspirational guide to drying flowers and plants for decoration and scentaround the home
| Main Author: | |
|---|---|
| Format: | Book |
| Published: |
Great Britain :
Corent Garden ,
1994
|
| Subjects: |
MARC
| LEADER | 00000cam a2200000 7i4500 | ||
|---|---|---|---|
| 001 | 0000006443 | ||
| 002 | 000006953 | ||
| 005 | 20000330.0 | ||
| 020 | |a 0751301523 | ||
| 090 | 0 | 0 | |a 745.92 |b BLA |
| 100 | 1 | |a Black, Penny | |
| 245 | 1 | 0 | |a Dried Flowers : |b an inspirational guide to drying flowers and plants for decoration and scentaround the home |c Penny Black |
| 260 | |a Great Britain : |b Corent Garden , |c 1994 | ||
| 300 | |a 160 p. : |b ill. ; |c 29 cm. | ||
| 650 | 0 | 0 | |a Dried flower arrangement |
| 999 | |a 038025 |b BUKU |c PINJAMAN |e PERPUSTAKAAN KOMUNITI PETALING JAYA | ||